Hypercar Quiz - Statistics

General Stats
  • This quiz has been taken 450 times
  • The average score is 9 of 16
Answer Stats
Picture Answer % Correct
Mclaren P1
88%
Bugatti Chiron
84%
Mclaren Senna
79%
Ford GT
74%
Porsche 918
72%
Aston Martin Vulcan
70%
Lexus LFA
64%
Pagani Huayra BC
61%
Ferrari 488 GTB
55%
Maserati MC12
46%
Aston Martin Valkyrie
44%
Zenvo ST1
44%
Koenigsegg One:1
39%
Rimac Concept One
28%
Noble M600
23%
Lamborghini Hurrican
9%
No matching quizzes found
Score Distribution
Percent of People with Each Score
Percentile by Number Answered
Your Score History
You have not taken this quiz